01292nam a22002297a 45000050016000000100029000160200026000450200023000710350027000940370013001210370019001340820014001531000025001672450121001922600045003132700061003583000034004195000050004535050517005036500039010207000003010592011012805035.0 aENG-101966 B-446017-024 a9780198070214c795.00 a0198070217c795.00 aEN-85499 B-446017-024 bDBAD/PUB bAllied Pub/Ven a304.80954 aKapur, Deveshd1959- aDiaspora, development, and democracy :cby Devesh Kapurbthe domestic impact of international migration from India / aNew DelhibOxford University Pressc2010 aYMCA Library Building, Jai Singh RoadbNew Delhie110001 axv, 325 p. :c25cm (Hb)bill. aIncludes bibliographical references.and index aThe missing leg of the globalization triad : international migration -- Analytical framework and research methodology -- Selection characteristics of emigration from India -- Economic effects -- Social remittances : migration and the flow of ideas -- International migration and the paradox of India’s democracy -- The Indian diaspora and Indian foreign policy : soft power or soft underbelly? -- Civil or uncivil transnational society? The janus face of long-distance nationalism -- Spatially unbound nations. aEast Indians zForeign countries.